Epistulae.

Saved in:
Bibliographic Details
Main Author: Ciceronis, M. Tulli (autor)
Other Authors: Watt, W.S (recognovit brevique adnotatione critica instrvxit)
Format: Book
Language:English
Published: Oxonii, Great Britain: E Typographeo Clarendoniano, 1901-1965.
Series:Scriptorum Classicorum Bibliotheca Oxoniensis.
Subjects:
Tags: Add Tag
No Tags, Be the first to tag this record!

MARC

LEADER 00000nam a22000007a 4500
003 CL-VaPUC
005 20220822114451.0
008 220314k19011965 ||||| |||| 00| 0 eng d
999 |c 435762  |d 435760 
040 |c Pontificia Universidad Católica de Valparaíso 
082 7 |a 876.01 CIC 1901 (v.I)  |2 22 
082 7 |a 876.01 CIC 1965 (v.II-I) 
082 7 |a 876.01 CIC 1961 (v.II-II) 
082 7 |a 876.01 CIC 1958 (v.III) 
100 |a Ciceronis, M. Tulli  |e autor  |9 401237 
245 |a Epistulae. 
260 |a Oxonii, Great Britain:   |b E Typographeo Clarendoniano,   |c 1901-1965. 
300 |a 3 volúmenes  
490 |a Scriptorum Classicorum Bibliotheca Oxoniensis. 
500 |a v.I- v.II -v.III. c.1 Donación Familia Prof. Alejandro Guzmán Brito. 
505 |a Vol I. Epistulae Ad Familiares. Vol.II-I. Epistulae Ad atticum - Pars Prior Libri I-VIII. Vol.II-II. Epistulae Ad atticum - Pars Prior Libri IX-XVI. Vol III. Epistulae Ad Quintum Fratrem Epistulae Ad M. Brutum Fragmenta Epistularum accedunt commentariolum petitionis et pseudo-Ciceronis Epistula ad Octavianum. 
583 |c 20220314  |k Cristina María Rojas Aguilar 
600 0 |9 255203  |a Cicerón, Marco Tulio  |x Correspondencia  
700 |a Watt, W.S  |e recognovit brevique adnotatione critica instrvxit   |9 870115 
942 |2 ddc  |c BK  |n 0 
952 |0 0  |1 0  |2 ddc  |4 0  |6 876_010000000000000_CIC_1958  |7 0  |8 C_AGB  |9 583363  |a BIBDER  |b BIBDER  |d 2022-06-02  |e Donación   |h v.III  |i 5651494  |o 876.01 CIC 1958  |p 5651494  |r 2023-01-25  |t 1  |w 2022-06-02  |y BK_US  |k AGB 
952 |0 0  |1 0  |2 ddc  |4 0  |6 876_010000000000000_CIC_1901  |7 0  |8 C_AGB  |9 583502  |a BIBDER  |b BIBDER  |d 2022-06-07  |e Donación   |h v.I  |i 5651632  |o 876.01 CIC 1901   |p 5651632  |r 2023-01-25  |t 1  |w 2022-06-07  |y BK_US  |k AGB 
952 |0 0  |1 0  |2 ddc  |4 0  |6 876_010000000000000_CIC_1965  |7 0  |8 C_AGB  |9 584774  |a BIBDER  |b BIBDER  |d 2022-07-14  |e Donación   |h v.II-I  |i 5652931  |o 876.01 CIC 1965  |p 5652931  |r 2023-01-25  |t 1  |w 2022-07-14  |y BK_US  |k AGB 
952 |0 0  |1 0  |2 ddc  |4 0  |6 876_010000000000000_CIC_1961  |7 0  |8 C_AGB  |9 584776  |a BIBDER  |b BIBDER  |d 2022-07-14  |e Donación   |h v.II-II  |i 5652932  |o 876.01 CIC 1961  |p 5652932  |r 2023-01-25  |t 1  |w 2022-07-14  |y BK_US  |k AGB